000 00701nam a22002057a 4500
003 OSt
005 20260428024752.0
008 260428b |||||||| |||| 00| 0 eng d
020 _a9789710550401
040 _aDWCL Main Lib.
_cOC
082 _aFil. 778.590285 V652 2012
100 _aQuesada, Bryan T.
245 _aVideo production and digital photography for beginners /
_cBryan T. Quesada [and three others]
250 _a4th edition.
260 _aQuezon City, Philippines :
_bTrademark of Techfactors,
_cc2012.
300 _avi , 116 pages :
_bcolor illustrations ;
_c26 cm.
504 _aIncludes bibliographical references.
650 _a1. Video production.
942 _2ddc
_cBK - FIL
_n0
999 _c9989
_d9989